000
00251nam a2200109Ia 4500
005
20251222143235.0
008
251222s9999||||xx |||||||||||||| ||spa||
082
_a
610.734.3/S26
100
_a
Sarmiento, Rosa
245
0
_a
Informe Final:
942
_c
LIB
999
_c
14361
_d
14361